| 000 | 00354nam a2200145 i 4500 | ||
|---|---|---|---|
| 001 | bg | ||
| 100 | 1 | _aBAZYLOW, Ludwik | |
| 245 | 0 |
_aHistoria nowożytnej kultury rosyjskiej / _cL. Bazylow. |
|
| 260 |
_aWarszawa, _c1986. |
||
| 040 | _cBPK | ||
| 041 | _apol | ||
| 080 | _a947+957]:008"16/19" | ||
| 942 | _cKS | ||
| 008 | s pl f |000 0 pol | ||
| 999 |
_c23209 _d23209 |
||
| 856 |
_uhttp://koha.tu.koszalin.pl/cgi-bin/koha/opac-detail.pl?biblionumber=23209 _yKatalog online BPK |
||